Cartografía del Estado de Puebla Siglo XVI (Record no. 3229)

MARC details
000 -CABECERA
campo de control de longitud fija 00983nam a2200253 a 4500
001 - NÚMERO DE CONTROL
campo de control BRCA_3494
005 - FECHA Y HORA DE LA ÚLTIMA TRANSACCIÓN
campo de control 20190320204316.0
008 - DATOS DE LONGITUD FIJA--INFORMACIÓN GENERAL
campo de control de longitud fija 260509m19881989mx-a---###---#000-0#spa-#
041 ## - CÓDIGO DE LENGUA
Código de lengua del texto/banda sonora o título independiente spa
044 ## - CÓDIGO DEL PAÍS DE LA ENTIDAD EDITORA/PRODUCTORA
Código MARC del país mx
050 #4 - SIGNATURA TOPOGRÁFICA DE LA BIBLIOTECA DEL CONGRESO
Número de clasificación F1391.P8
Número de documento/Ítem .M43 1988
100 1# - ENTRADA PRINCIPAL--NOMBRE DE PERSONA
Nombre de persona Meade de Angulo, Mercedes
9 (RLIN) 281
245 10 - MENCIÓN DE TÍTULO
Título Cartografía del Estado de Puebla Siglo XVI
Mención de responsabilidad, etc. Mercedes Meade de Angulo ; realización Miguel Rosette H.
260 ## - PUBLICACIÓN, DISTRIBUCIÓN, ETC.
Lugar de publicación, distribución, etc. México
Nombre del editor, distribuidor, etc. Gobierno del Estado de Puebla : Centro Regional de Puebla : INAH : SEP
Fecha de publicación, distribución, etc. 1988-1989
300 ## - DESCRIPCIÓN FÍSICA
Extensión 1 atlas (2 v.)
Otras características físicas il. (algunas a color), mapas
Dimensiones 34 cm.
500 ## - NOTA GENERAL
Nota general Cada volumen tiene láminas entre las hojas
500 ## - NOTA GENERAL
Nota general Reproducciones de mapas y de planos de varias colecciones, comenzando con el AGN
500 ## - NOTA GENERAL
Nota general Fondo: Archivo General de la Nación
650 14 - PUNTO DE ACCESO ADICIONAL DE MATERIA--TÉRMINO DE MATERIA
Término de materia o nombre geográfico como elemento de entrada Cartografía
Subdivisión general Historia
Subdivisión geográfica México
9 (RLIN) 760
651 #4 - PUNTO DE ACCESO ADICIONAL DE MATERIA--NOMBRE GEOGRÁFICO
Nombre geográfico Puebla (México)
Subdivisión geográfica Geografía histórica
9 (RLIN) 9092
700 1# - PUNTO DE ACCESO ADICIONAL--NOMBRE DE PERSONA
Nombre de persona Rosette H., Miguel
9 (RLIN) 6839
902 ## - CATALOGADOR
Iniciales REF
942 ## - ELEMENTOS DE PUNTO DE ACCESO ADICIONAL (KOHA)
Fuente del sistema de clasificación o colocación Library of Congress Classification
Tipo de ítem Koha Libros
Holdings
Estado de retiro Estado de pérdida Estado dañado No para préstamo Localización permanente Ubicación/localización actual Fecha de adquisición Total de préstamos Signatura topográfica completa Código de barras Fecha visto por última vez Precio válido a partir de Tipo de ítem Koha Código de colección
El ejemplar forma parte de la colección y puede ser consultado según las políticas vigentes.       Biblioteca del Museo Franz Mayer (Rogerio Casas-Alatriste) Biblioteca del Museo Franz Mayer (Rogerio Casas-Alatriste) 26/05/2009   F1391.P8 .M43 1988 REF00186 22/03/2019 22/03/2019 Libros  
El ejemplar forma parte de la colección y puede ser consultado según las políticas vigentes.       Biblioteca del Museo Franz Mayer (Rogerio Casas-Alatriste) Biblioteca del Museo Franz Mayer (Rogerio Casas-Alatriste) 18/11/2010   F1391.P8 .M43 1988 REF00187 22/03/2019 22/03/2019 Libros Referencia Acervo General